000 00327pab a2200145 454500
008 180718b1999 xxu||||| |||| 00| 0 eng d
100 _aAgarwal, U.C.
245 _aIssues of reservation
260 _c1999
300 _ap.13
362 _a28 Oct
650 _aBackward classes
773 _aHindustan Times
909 _a44310
999 _c44310
_d44310